• 首页
  • 本馆介绍
  • 公告通知
  • 最新文献
  • 馆藏检索
  • 电子资源
  • 读者导购
  • 参考咨询
  • 我的图书馆
  • 登录
  • 详细信息显示
  • 放入我的书架
  • 预约/预借图书
  • 作者相关作品
  • 分类相关作品
  • 丛书相关作品
  • 出版社相关作品

书目信息

  • 表格格式
  • 工作单格式
  • 卡片格式
题名:
从零开始学电动机控制与维修技术
    
 
作者: 刘建清 主编
分册:  
出版信息: 北京   国防工业出版社  2007.01
页数: 235页
开本: 26cm
丛书名: 从零开始学电子技术丛书
单 册:
中图分类: TM32
科图分类:
主题词: 电动机
电子资源:
ISBN: 7-118-04812-7
000 00681nam0 2200217 450
001 0932492153
005 20091223090301.91
010    @a7-118-04812-7@dCNY25.00
100    @a20091223d2007 km y0chiy0120 ea
101 0  @achi
102    @aCN@b110000
200 1  @a从零开始学电动机控制与维修技术@Acong ling kai shi xue dian dong ji kong zhi yu wei xiu ji shu@f刘建清主编@Fliu jian qing zhu bian
210    @a北京@c国防工业出版社@d2007.01
215    @a235页@d26cm
225 2  @a从零开始学电子技术丛书
410  0 @12001 @a从零开始学电子技术丛书
606 0  @a电动机
690    @aTM32@v4
701  0 @a刘建清@Aliu jian qing@4主编
801  0 @aCN@bNISOFT@c20091223
905    @aBZT@dTM32@e2
    
    从零开始学电动机控制与维修技术/刘建清主编.-北京:国防工业出版社,2007.01
    235页;26cm.-(从零开始学电子技术丛书)
    
    
    ISBN 7-118-04812-7:CNY25.00
    
●
相关链接 在五车中查询图书 在当当中查询图书 在豆瓣中查询图书


正题名:从零开始学电动机控制与维修技术     索取号:TM32/2         预约/预借

序号 登录号 条形码 馆藏地/架位号 状态 备注
1 729225   2000729225   样本书库/样008架A面4层2列/ [索取号:TM32/2] 在馆    
2 729226   2000729226   中心书库中库/ 中库029架A面2列2层17/ [索取号:TM32/2] 在馆    
3 729227   2000729227   中心书库中库/ 中库029架A面2列2层16/ [索取号:TM32/2] 在馆    
山东省滨州职业学院图书馆 欢迎您!
大连网信软件有限公司© 版权所有